Paroles : Ça fait rire les oiseaux - La Compagnie créole - Statistiques

Statistiques générales
  • Ce quiz a été pris 75 fois
  • Le résultat moyen est 319 sur 422
Statistiques - réponses
Paroles % Correct
Ça
100%
ça
100%
chanter
100%
fait
100%
le
100%
les
100%
oiseaux
98%
rire
98%
a
97%
abeilles
92%
dans
87%
de
87%
la
87%
La
87%
87%
Et
85%
et
85%
couleurs
83%
soleil
83%
danser
82%
des
82%
Des
82%
Oh,
82%
oh,
82%
écureuils
78%
au
77%
briller
75%
l'arc-en-ciel
75%
Aux
73%
chasse
72%
nuages
72%
un
65%
en
63%
Une
63%
une
63%
comme
60%
rajoute
58%
C'est
57%
chasse
57%
cœur
57%
chanson
55%
pour
53%
Pour
53%
filles
52%
d'amour
50%
est
50%
garçons
50%
te
50%
Tes
45%
T'es
45%
tes
45%
tous
45%
y
45%
Y
45%
musique
43%
ta
43%
avion
42%
bonheur
42%
jours
42%
mains
40%
refrain,
40%
Si
38%
tape
38%
toi
38%
toujours
38%
meilleurs
37%
qu'on
37%
battre
35%
magique,
35%
porte
35%
reprend
35%
vie
35%
looping
33%
maison
33%
tu
33%
Allez,
32%
chœur
32%
du
32%
mélodie
32%
par
30%
Qui
28%
lévitation
27%
ton
27%
chez
25%
plus
25%
tête
25%
veux
25%
déjà
23%
pas
23%
pieds
23%
revenu
23%
soir
23%
peur
22%
repartir
22%
terre
22%
pleine
20%
d'l'oxygène
18%
larmes
18%
souvenirs
18%
touchent
18%
d'la
17%
nuit
17%
plaisir
17%
finir
15%
lune
15%
moments
15%
clair
13%
gris
13%
l'aventure
13%
soirs
13%
pluie
12%
n'aurait
10%
trouver
8%
Aucun quiz correspondant
Distribution des résultats
% des personnes avec chaque résultat
Percentile par nombre de réponses
Votre historique - résultats
Vous n’avez pas pris ce quiz